|
|
|
|
| LEADER |
00000nam a22000007a 4500 |
| 005 |
20160622130224.0 |
| 007 |
cr|||| ||u| |
| 008 |
160622s2016 spa||||| |||| 00||0 sp d |
| 020 |
|
|
|a 978-84-9085-730-4
|
| 035 |
|
|
|a 14329
|
| 040 |
|
|
|a vLex
|
| 090 |
|
|
|c 6207
|d 6207
|
| 100 |
0 |
|
|a Fraile Fernǹdez, Rosa
|
| 245 |
1 |
0 |
|a La responsabilidad del administrador concursal por el crďito tributario
|h [Recurso eectronico] /
|c Rosa Fraile Fernǹdez
|
| 256 |
|
|
|a Servicio en linea
|
| 300 |
|
|
|a 1 recurso electronico
|
| 506 |
1 |
|
|a Contenido solo disponibe en los productos inidcados
|d vLex Global
|d vLex Global (Academic Edition, excluding Law Schools)
|d vLex Global (U.S. Academic Edition, Law Schools)
|d vLex Global (U.S. Academic Edition, excluding Law Schools)
|d vLex Global (Academic Edition, Law Schools)
|
| 650 |
0 |
4 |
|a Derecho administrativo
|z Madrid
|
| 740 |
0 |
|
|a vLex libros (servicio en linea)
|
| 856 |
4 |
0 |
|u http://vlex.com/source/responsabilidad-administrador-concursal-credito-tributario-14329
|z Acceso restringido
|
| 942 |
|
|
|c BOOK
|
| 999 |
0 |
|
|a Administrative law
|b Madrid
|